Départements ayant le moins de frontières départementales - Statistiques

Statistiques générales
  • Ce quiz a été pris 2 258 fois
  • Le résultat moyen est 10 sur 13
Statistiques - réponses
Frontières Département % Correct
0 La Réunion
95%
0 Guadeloupe
94%
0 Martinique
94%
0 Guyane
92%
0 Mayotte
92%
2 Finistère
91%
1 Corse-du-Sud
85%
1 Haute-Corse
85%
2 Alpes-Maritimes
77%
2 Pas-de-Calais
65%
2 Pyrénées-Orientales
64%
2 Haute-Savoie
62%
2 Moselle
30%
Aucun quiz correspondant
Distribution des résultats
% des personnes avec chaque résultat
Percentile par nombre de réponses
Votre historique - résultats
Vous n’avez pas pris ce quiz